History Quiz

Random History or Art Quiz

Hierarchy of Genres in Academic Art Quiz Stats

 Plays Quiz not verified by Sporcle

Challenge
Share
Tweet
Embed
Score 0/6 Timer 03:00
0 Plays Today
% Correct
History Painting
97.3%
Landscape Painting
94.6%
Portraiture
86.5%
Genre Painting
86.5%
Animal Painting
73%
Still Lifes
73%

You're not logged in!

Compare scores with friends on all Sporcle quizzes.
Join for Free
OR
Log In

You Might Also Like...

Show Comments

Extras

Created Dec 22, 2011ReportNominate
Tags:Art Quiz, academic, genre, hierarchy

Top Quizzes Today


Score Distribution

Your Account Isn't Verified!

In order to create a playlist on Sporcle, you need to verify the email address you used during registration. Go to your Sporcle Settings to finish the process.

Report this User

Report this user for behavior that violates our Community Guidelines.

Details: